| 000 | 01414nam a2200373 i 4500 | ||
|---|---|---|---|
| 001 | 000024184 | ||
| 003 | DO-SdBNP | ||
| 005 | 20250307073710.0 | ||
| 007 | ta | ||
| 008 | 100312s1982 dr r 001 0 spa d | ||
| 040 |
_aDO-SdBNP _bspa _cBNPHU _erda |
||
| 082 | 4 |
_a467.97293 _bH519e, 1982 _222 |
|
| 100 | 1 |
_aHenríquez Ureña, Pedro, _d1884-1946 _eautor _91718 |
|
| 245 | 1 | 3 |
_aEl español en Santo Domingo / _cPedro Henríquez Ureña ; presentación, Jorge Tena Reyes. |
| 250 | _a4a ed. | ||
| 264 |
_aSanto Domingo : _bTaller, _c1982. |
||
| 300 |
_a301 páginas ; _c21 cm. |
||
| 336 |
_2rdacontent _atexto _btxt |
||
| 337 |
_2rdamedia _asin mediación _bn |
||
| 338 |
_2rdacarrier _avolumen _bnc |
||
| 490 | _aBiblioteca Taller | ||
| 500 | _aIncluye índice | ||
| 500 | _aIncluye referencias bibliográficas y notas al pie de las páginas | ||
| 504 | _aBibliografía : p. 9 -22 | ||
| 533 |
_aFacsímil : _bBuenos Aires, Argentina : _cInstituto de Filología, _d1982 _fColección Biblioteca de Dialectología Hispanoamericana _m5 |
||
| 590 | _aInventariado, 2018/LP | ||
| 650 | 4 |
_aDominicanismos _913083 |
|
| 650 | 4 |
_aEspañol en república dominicana _xHistoria _937468 |
|
| 650 | 4 |
_aEspañol _xGramatica _93475 |
|
| 650 | 4 |
_aEspañol _xProvincialismo _zRepública Dominicana _937469 |
|
| 700 | 1 |
_aTena Reyes, Jorge _98252 _epresentación |
|
| 910 | _aValidado. Control de calidad. EMS | ||
| 942 |
_2ddc _cLBS1 |
||
| 999 |
_c23678 _d23678 |
||